Instrucción que ha de observarse en los cordones sanitarios mandados establecer en Real Orden expedida por el Ministerio de lo Interior en 19 de junio de 1834. (Record no. 169987)

MARC details
000 -LEADER
campo de control de longitud fija 00644nam a22001455i 4500
001 - NÚMERO DE CONTROL
campo de control 169987
003 - IDENTIFICADOR DE NÚMERO DE CONTROL
campo de control ES-MaACL
005 - FECHA Y HORA DE LA ÚLTIMA TRANSACCIÓN
campo de control 20230906214247.0
008 - DATOS DE LONGITUD FIJA--INFORMACIÓN GENERAL
campo de control de longitud fija 090108q1834 sp |||| | spa d
245 00 - MENCIÓN DEL TÍTULO
Título Instrucción que ha de observarse en los cordones sanitarios mandados establecer en Real Orden expedida por el Ministerio de lo Interior en 19 de junio de 1834.
260 ## - PUBLICACIÓN, DISTRIBUCIÓN, ETC.
Lugar de publicación, distribución, etc. Madrid :
Nombre del editor, distribuidor, etc. [s.n.,
Fecha de publicación, distribución, etc. 1834?] (
Fabricante Imp. Real)
300 ## - DESCRIPCIÓN FÍSICA
Extensión [8] p. ;
Dimensiones 20 cm.
650 #4 - PUNTO DE ACCESO ADICIONAL DE MATERIA--TÉRMINO DE MATERIA
Término de materia o nombre geográfico como elemento de entrada Salud pública-
Subdivisión geográfica España-
Subdivisión cronológica S.XIX.
9 (RLIN) 148681
852 4# - LOCALIZACIÓN
Ubicación ES-MaACL
Número de control de estantería T-370-F-26
Nota libre - Dedicatoria manuscrita: "A la biblioteca de "Los Escolares Médicos", el socio S. Vélez Sanz
Holdings
Estatus retirado Estado de pérdida Estado de daño No para préstamo Colección Biblioteca de origen Biblioteca actual Ubicación en estantería Fecha de adquisición Fuente de adquisición Total de préstamos Signatura topográfica completa Código de barras Visto por última vez Precio de reemplazo Tipo de ítem Koha
        Colección de folletos Biblioteca del Ateneo de Madrid Biblioteca del Ateneo de Madrid Depósito folletos 08/01/2009     T-370-F-26 1178472 23/02/2023 23/02/2023 Folleto